| 000 | 00499pab a2200169 454500 | ||
|---|---|---|---|
| 008 | 180718b2004 xxu||||| |||| 00| 0 eng d | ||
| 100 | _aChadha, Vikram | ||
| 245 | _aChanging structure of scientific and technical workforce in India's industrial sector | ||
| 260 | _c2004 | ||
| 300 | _ap.281-92. | ||
| 362 | _aApr-Jun | ||
| 650 | _aIndia - Industries | ||
| 650 | _aTechnical personnel - India | ||
| 650 | _aTechnical personnel | ||
| 773 | _aIndian Journal of Labour Economics | ||
| 909 | _a62444 | ||
| 999 |
_c62444 _d62444 |
||